Autobiografía / (Record no. 113512)

MARC details
000 -LEADER
campo de control de longitud fija 00625nam a2200205 4500
001 - NÚMERO DE CONTROL
campo de control 113512
003 - IDENTIFICADOR DE NÚMERO DE CONTROL
campo de control ES-MaACL
005 - FECHA Y HORA DE LA ÚLTIMA TRANSACCIÓN
campo de control 20250820152142.0
007 - CAMPO FIJO DE DESCRIPCIÓN FÍSICA--INFORMACIÓN GENERAL
campo de control de longitud fija t|
008 - DATOS DE LONGITUD FIJA--INFORMACIÓN GENERAL
campo de control de longitud fija 061121s1966 sp r ||||1| spa d
100 1# - ENTRADA PRINCIPAL--NOMBRE DE PERSONA
Nombre de persona Palafox, José.
9 (RLIN) 88451
245 10 - MENCIÓN DEL TÍTULO
Título Autobiografía /
Mención de responsabilidad, etc. don José Palafox ; preparación e introducción de J. García Mercadal.
260 ## - PUBLICACIÓN, DISTRIBUCIÓN, ETC.
Lugar de publicación, distribución, etc. Madrid :
Nombre del editor, distribuidor, etc. Taurus,
Fecha de publicación, distribución, etc. 1966.
300 ## - DESCRIPCIÓN FÍSICA
Extensión 168 p. ;
Dimensiones 12 cm.
490 1# - MENCIÓN DE SERIE
Mención de serie Temas de España
700 1# - ENTRADA AGREGADA--NOMBRE PERSONAL
Nombre de persona García Mercadal, J.,
Fechas asociadas al nombre 1883-1975
9 (RLIN) 164264
830 0# - PUNTO DE ACCESO ADICIONAL DE SERIE-TÍTULO UNIFORME
Título uniforme Temas de España
9 (RLIN) 180759
852 ## - LOCALIZACIÓN
Ubicación ES-MaACL
Número de control de estantería C-30651
Sublocalización o colección R.20277
Holdings
Estatus retirado Estado de pérdida Estado de daño No para préstamo Biblioteca de origen Biblioteca actual Ubicación en estantería Fecha de adquisición Fuente de adquisición Total de préstamos Signatura topográfica completa Código de barras Visto por última vez Precio de reemplazo Tipo de ítem Koha
        Biblioteca del Ateneo de Madrid Biblioteca del Ateneo de Madrid Depósito 2 17/01/2008     C-30651 1118388 23/02/2023 23/02/2023 Libro impreso